The Massachusetts Review: guest edited by Raymond Stock/

محفوظ في:

المؤلف الرئيسي: Mr Egypt. (مؤلف)

التنسيق: كتاب

اللغة: English

منشور في: Cairo : Amherst, 2002.

الوسوم: إضافة وسم

لا توجد وسوم, كن أول من يضع وسما على هذه التسجيلة!

رقم الطلب: DT53 .M5 2002

LEADER 00370nam a2200133Ia 4500
003 OSt
005 20260326094011.0
008 211223s2002 ua a b 000 0 eng d
050 4 |a DT53 .M5 2002 
100 1 |a Mr Egypt.  |e author. 
245 1 4 |a The Massachusetts Review:  |b guest edited by Raymond Stock/  |c  MrEgypt. 
264 1 |a Cairo :   |b Amherst,   |c 2002. 
942 |2 lcc  |c BK 
999 |c 41149  |d 41149